| 000 | 00614nam a22001697a 4500 | ||
|---|---|---|---|
| 003 | OSt | ||
| 005 | 20171010095514.0 | ||
| 008 | 120814t xxu||||| |||| 00| 0 eng d | ||
| 040 |
_aMMSU _cULS |
||
| 100 |
_aPascua, Myrna Q. _912145 |
||
| 245 |
_aMorpho-physiological growth of cotton (Gossypium barbadense L.) as affected by hill spacing and nitrogen level _cMyrna Q. Pascua |
||
| 260 | _c1998 | ||
| 300 |
_a[xxii], 201 leaves _c28 cm. |
||
| 500 | _aThesis (MS Agriculture-Agronomy) -- Mariano Marcos State University-Graduate School, Laoag City | ||
| 504 | _aBibliography: leaves 94-98 | ||
| 942 |
_2ddc _cTHEDIS |
||
| 999 |
_c9721 _d9721 |
||